000 nam a22 7a 4500
999 _c23179
_d23179
008 170125b xxu||||| |||| 00| 0 eng d
020 _a9781408019184
050 _aHD30.28
_b.H58 2011
100 _aHitt,Michael A.
245 _aStrategic management :
_bCompetitiveness and globalization , Concepts and cases/
_cMichael A Hitt; R Duane Ireland; Robert E Hoskisson
250 _a9th ed.
260 _aAndover, Hampshire :
_bSouth-Western,
_c2011
300 _axxii,402p. :
_bill. ;
_c28cm.
500 _aincludes index.
650 _astrategic planning
700 _aIreland ,R.Duane
700 _aHoskisson,Robert E.
942 _2lcc
_cBOOKS
_hHD30.28 .H58 2011